| 000 | 01460cam a22002653a 4500 | ||
|---|---|---|---|
| 001 | 10471 | ||
| 003 | PGUSA | ||
| 005 | 20140828083225.0 | ||
| 008 | 031201s2003||||xxu|||||s|||||000 1 eng d | ||
| 040 |
_aPGUSA _beng |
||
| 042 | _adc | ||
| 050 | 4 | _aPN | |
| 245 | 1 | 4 |
_aThe World's Greatest Books — Volume 01 — Fiction _h[electronic resource] |
| 260 |
_bProject Gutenberg, _c2003 |
||
| 500 | _aThis volume contains short excerpts from or abridgements of literary works. | ||
| 505 | 0 | _aEdmond About: King of the mountains -- Harrison Ainsworth: Tower of London -- Hans Andersen: Improvisatore -- Apuleius: The golden ass -- Arabian Nights -- Aucassin And Nicolette -- Berthold Auerbach: On the Height -- Jane Austen: Sense and sensibility. Pride and prejudice. Northanger Abbey. Mansfield Park. Emma. Persuasion -- Honoré de Balzac: Eugénie Grandet. Old Goriot. Magic skin. Quest of the absolute. -- William Beckford: History of the Caliph Vathek -- Aphra Behn: Oroonoko -- Cyrano De Bergerac: Voyage to the moon -- Björnstjerne Björnson: Arne. In God's way -- William Black: Daughter of Heth -- R.D. Blackmore: Lorna Doone -- Boccaccio: Decameron. | |
| 506 | _aPublic domain in the USA. | ||
| 516 | _aElectronic text | ||
| 653 | _aFiction | ||
| 700 | 1 |
_aMee, Arthur, _d1875-1943 |
|
| 700 | 1 |
_aHammerton, John Alexander, _cSir, _d1871-1949 |
|
| 830 | 0 |
_aProject Gutenberg _v10471 |
|
| 856 | 4 | 0 | _uhttp://www.gutenberg.org/ebooks/10471 |
| 942 | _cEB | ||
| 999 |
_c239726 _d239726 |
||